000 00223nam a22000857a 4500
999 _c11506
_d11506
008 190530b ||||| |||| 00| 0 eng d
020 _a9781576584972
100 _97223
_aBENGE J G
245 _aISOBEL KUHN ON THE ROOF OF THE WORLD